| 000 | 00559nam a2200193 a 4500 | ||
|---|---|---|---|
| 005 | 20140414132126.0 | ||
| 008 | 130204s19uu xx 00 eng d | ||
| 020 | _a9780328675548 | ||
| 050 |
_aTR 372.4 _bF716 2011 |
||
| 100 | _aForesman, Scott | ||
| 245 | _aFirst stop on reading street Grade 1: Unit 5 volume 1/. | ||
| 250 | _aInternational | ||
| 260 |
_aUnited States : _bPearson Education, _c2011. |
||
| 300 | _aiii,563p | ||
| 440 | _aMy Teaching Library Package | ||
| 650 | _aReading. | ||
| 650 | _aReading-study and teaching. | ||
| 999 |
_c115210 _d115210 |
||